Pagpapahalaga ng mga mag-aaral sa asignaturang filipino sa Gen. Licerio Geronimo Memorial National High School/ (Record no. 82149)

MARC details
000 -LEADER
fixed length control field 02776nam a22002417a 4500
003 - CONTROL NUMBER IDENTIFIER
control field URS
005 - DATE AND TIME OF LATEST TRANSACTION
control field 20250224195941.0
008 - FIXED-LENGTH DATA ELEMENTS--GENERAL INFORMATION
fixed length control field 250224b |||||||| |||| 00| 0 eng d
050 ## - LIBRARY OF CONGRESS CALL NUMBER
Classification number LG 221.R59
Item number . B1932 2024
100 1# - MAIN ENTRY--PERSONAL NAME
Personal name Baldres, Cyril Joy O.
Relator term researcher
245 ## - TITLE STATEMENT
Title <a href="Pagpapahalaga ng mga mag-aaral sa asignaturang filipino sa Gen. Licerio Geronimo Memorial National High School/">Pagpapahalaga ng mga mag-aaral sa asignaturang filipino sa Gen. Licerio Geronimo Memorial National High School/</a>
Statement of responsibility, etc Baldres, Cyril Joy O...[et.al.]
260 #1 - PUBLICATION, DISTRIBUTION, ETC. (IMPRINT)
Date of publication, distribution, etc 2024
300 ## - PHYSICAL DESCRIPTION
Extent xiv, 77 leaves
Other physical details illustrations
Dimensions 28 cm.
336 ## - CONTENT TYPE
Source rda content
Content type term text
337 ## - MEDIA TYPE
Source rda media
Media type term unmediated
338 ## - CARRIER TYPE
Source rda carrier
Carrier type term volume
502 ## - DISSERTATION NOTE
Dissertation note GSTHESIS
Degree type Major in Filipino
Name of granting institution University of Rizal System, Rodriguez, Rizal
Year degree granted 2024
520 ## - SUMMARY, ETC.
Summary, etc Ang layunin ng pag-aaral na ito na malaman at matukoy ang Implementasyon ng Blended Leaming na dulog ng mga guro sa Filipino na may bilang na tatlumput-tatlo.<br/><br/>Ang mga tagatugon ay pinili sa paraang random sampling kung saan ang mga mananaliksik ay kumuha ng tatlumput-tatio tagatugon mula sa piling paaralan sa bayan ng Montalban. Ang disenyo ng pag-aaral na ito ay disktiptib kuwantitatibo, ito ay ginamitan ng talatanungan o Questioner. Ang mga mananaliksik ay nagsagawa ng sarbey sa mga guro gamit ang mga patnubay na tanong. Ang mga mananaliksik ay gumawa ng talatanungan nahahati sa apat, kahandaan, estratehiya, pagtataya/pagtatasa, at patakaran sa pagtuturo ng Blended Leaming na dulog para sa mga guro. Anumang kagamitan katulad ng sinagutang talatanungan ay ipinasa at pinagtibay ng mga gurong taga-gabay. Ang bawat talatanungan na sinagutan ng mga guro ay nilapatan ng angkop na interpretasyon at analisi.<br/><br/>Sa pag-aaral na ito na batid na mas nakararami ang mga tagatugon na babae na may bilang na dalawampu't lima at walo sa kalalakihan na mga guro na may kabuuan na tatlumput-tatlo na nag mula sa piling paaralan sa bayan ng Montalban. Sa mga guro sa Filipino ang mga bilang ng taon ng mga tagatugon ay nagpapakita ng iba't-ibang antas ng kasanayan. Ito ay nagpapakita ng implementasyon ng mga tagatugon. Nagpapakita ang resulta ng lubos na naisagawa at positibong natatanging karanasan sa iba't-ibang aspekto ng pagtuturo. Malinaw ang suporta sa kahandaan, estratehiya, pagtataya/pagtatasa at patakaran Ang mataas na Average Score para sa bawat aspekto ay nagpapakita ng tagumpay na implementasyon ng mga tumugon. Ang mga talahanayan ay naglalahad ng implementasyon sa pagtuturo ng Blended Learning na dulog sa iba't-ibang aspekto ng pagtuturo, ngunit may pagkakaiba-iba batay sa edad, kasarian, bilang ng taon sa pagtuturo ng asignaturang Filipino, at pinakamataas na edukasyong natamo.<br/>
700 ## - ADDED ENTRY--PERSONAL NAME
Personal name Elisan, Marilou O.
Relator term researcher
700 ## - ADDED ENTRY--PERSONAL NAME
Personal name Sagun, Jhon Alven A.
Relator term researcher
700 ## - ADDED ENTRY--PERSONAL NAME
Personal name Adolfo, Maria Riza Mat.
Relator term adviser
942 ## - ADDED ENTRY ELEMENTS (KOHA)
Source of classification or shelving scheme Library of Congress Classification
Koha item type Theses and dissertations
Holdings
Withdrawn status Source of classification or shelving scheme Damaged status Not for loan Home library Current library Shelving location Date acquired Total Checkouts Full call number Barcode Date last seen Copy number Price effective from Koha item type
  Library of Congress Classification   Not For Loan Rodriguez College Library Rodriguez College Library Undergraduate Theses 02/24/2025   LG 221.R59 . B1932 2024 URSROD-UGT-FIL-0902 02/24/2025 1 02/24/2025 Theses and dissertations

University of Rizal System
Email us at univlibservices@urs.edu.ph

Visit our Website www.urs.edu.ph/library